00830nam a2200241 a 450000100060000000300090000600800410001501500210005602000180007704000280009508200170012310000190014024501450015925000120030426000400031630000190035649000360037549000360041150000510044750400280049865000290052670000330055525508CO-ViMGA141112s2004 ck r 000 u spa d ack - 2012 - xxxx a9789586487740 aCO-ViMGAbspacCO-ViMGA04a515.352 M28e1 aMesa, Fernando10aEcuaciones diferenciales ordinarias : buna introducción / cFernando Mesa, Alejandro Martínez Acosta, José Rodrigo González Granada a1a. ed. aBogotá : bEcoe Ediciones, c2012 a246 p. ; 24 cm aCiencias exactas; Matemáticas aCiencias exactas. Matemáticas aIncluye bibliografía e índice alfabético aBibliografía : p. 22914aEcuaciones diferenciales1 aMartínez Acosta, Alejandro